All Countries of the World by Area with Hints - Statistics

General Stats
  • This quiz has been taken 39 times
  • The average score is 121 of 196
Answers on the Map
Answers color-coded by a green-red scale on the quiz's map according to % correct below.
 
Answer Stats
Area Country Next % Correct
2.78 m Argentina K
100%
7.69 m Australia I
100%
8.51 m Brazil A
100%
9.98 m Canada C
100%
9.64 m China U
100%
3.16 m India A
100%
2.72 m Kazakhstan A
100%
17.09 m Russia C
100%
2.38 m Algeria D
95%
2.34 m D. R. Congo S
95%
1.90 m Indonesia S
95%
1.96 m Mexico I
95%
2.14 m Saudi Arabia M
95%
9.52 m United States B
95%
1.88 m Sudan L
89%
1.28 m Chad N
84%
1.64 m Iran M
84%
1.75 m Libya I
84%
1.28 m Peru C
84%
652 k Afghanistan F
79%
1.24 m Angola M
79%
1.09 m Bolivia M
79%
582 k Botswana K
79%
622 k Central African Republic S
79%
756 k Chile Z
79%
1.14 m Colombia E
79%
1.00 m Egypt T
79%
1.10 m Ethiopia B
79%
640 k France S
79%
587 k Madagascar B
79%
1.24 m Mali S
79%
1.03 m Mauritania E
79%
1.56 m Mongolia P
79%
801 k Mozambique T
79%
676 k Myanmar A
79%
825 k Namibia M
79%
1.26 m Niger A
79%
923 k Nigeria V
79%
881 k Pakistan N
79%
637 k Somalia C
79%
1.22 m South Africa C
79%
619 k South Sudan U
79%
945 k Tanzania N
79%
783 k Turkey C
79%
603 k Ukraine M
79%
916 k Venezuela P
79%
752 k Zambia M
79%
475 k Cameroon P
74%
357 k Germany P
74%
438 k Iraq P
74%
377 k Japan G
74%
580 k Kenya Y
74%
446 k Morocco I
74%
462 k Papua New Guinea S
74%
406 k Paraguay Z
74%
342 k Philippines R
74%
505 k Spain T
74%
450 k Sweden U
74%
513 k Thailand S
74%
488 k Turkmenistan C
74%
447 k Uzbekistan M
74%
527 k Yemen T
74%
390 k Zimbabwe J
74%
272 k Burkina Faso N
68%
276 k Ecuador B
68%
338 k Finland V
68%
267 k Gabon G
68%
245 k Guinea U
68%
301 k Italy E
68%
322 k Ivory Coast P
68%
330 k Malaysia N
68%
270 k New Zealand G
68%
323 k Norway I
68%
309 k Oman I
68%
312 k Poland O
68%
342 k Republic of the Congo F
68%
241 k Uganda G
68%
242 k United Kingdom U
68%
331 k Vietnam M
68%
147 k Bangladesh N
63%
207 k Belarus K
63%
112 k Benin H
63%
110 k Bulgaria C
63%
181 k Cambodia U
63%
109 k Cuba G
63%
117 k Eritrea B
63%
238 k Ghana R
63%
131 k Greece N
63%
108 k Guatemala I
63%
214 k Guyana B
63%
112 k Honduras L
63%
103 k Iceland S
63%
199 k Kyrgyzstan S
63%
236 k Laos G
63%
111 k Liberia B
63%
118 k Malawi E
63%
147 k Nepal T
63%
130 k Nicaragua N
63%
120 k North Korea M
63%
238 k Romania L
63%
196 k Senegal S
63%
163 k Suriname T
63%
185 k Syria C
63%
143 k Tajikistan G
63%
163 k Tunisia B
63%
181 k Uruguay S
63%
83 k Austria U
58%
86 k Azerbaijan A
58%
38 k Bhutan T
58%
51 k Bosnia and Herzegovina C
58%
51 k Costa Rica S
58%
56 k Croatia B
58%
78 k Czech Republic P
58%
43 k Denmark N
58%
48 k Dominican Republic E
58%
45 k Estonia D
58%
69 k Georgia S
58%
93 k Hungary P
58%
70 k Ireland G
58%
89 k Jordan S
58%
64 k Latvia T
58%
65 k Lithuania L
58%
41 k Netherlands S
58%
75 k Panama S
58%
92 k Portugal J
58%
88 k Serbia A
58%
71 k Sierra Leone I
58%
49 k Slovakia D
58%
100 k South Korea H
58%
65 k Sri Lanka L
58%
41 k Switzerland B
58%
56 k Togo C
58%
83 k United Arab Emirates C
58%
29 k Armenia S
53%
30 k Belgium L
53%
36 k Guinea-Bissau M
53%
30 k Lesotho A
53%
33 k Moldova B
53%
36 k Taiwan G
53%
28 k Albania E
47%
27 k Burundi H
47%
23 k Djibouti B
47%
28 k Equatorial Guinea B
47%
18 k Fiji K
47%
27 k Haiti R
47%
25 k North Macedonia D
47%
26 k Rwanda N
47%
20 k Slovenia F
47%
28 k Solomon Islands A
47%
468 Andorra P
42%
13 k Bahamas M
42%
22 k Belize E
42%
344 Grenada M
42%
17 k Kuwait E
42%
300 Maldives S
42%
316 Malta M
42%
13 k Montenegro V
42%
459 Palau S
42%
11 k Qatar G
42%
261 Saint Kitts and Nevis M
42%
616 Saint Lucia A
42%
389 Saint Vincent and the Grenadines G
42%
12 k Vanuatu Q
42%
0.44 Vatican City -
42%
442 Antigua and Barbuda B
37%
430 Barbados S
37%
5765 Brunei T
37%
9251 Cyprus B
37%
14 k East Timor B
37%
21 k El Salvador I
37%
17 k Eswatini E
37%
702 F. S. Micronesia S
37%
11 k Gambia J
37%
20 k Israel S
37%
10 k Jamaica K
37%
10 k Kosovo L
37%
10 k Lebanon C
37%
160 Liechtenstein S
37%
2586 Luxembourg M
37%
181 Marshall Islands L
37%
2.02 Monaco V
37%
21 Nauru M
37%
61 San Marino T
37%
452 Seychelles A
37%
710 Singapore F
37%
747 Tonga S
37%
5130 Trinidad and Tobago C
37%
26 Tuvalu N
37%
765 Bahrain D
32%
4033 Cape Verde S
32%
1862 Comoros S
32%
751 Dominica T
32%
811 Kiribati B
32%
2040 Mauritius C
32%
2842 Samoa L
32%
964 São Tomé and Príncipe K
26%
No matching quizzes found
Score Distribution
Percent of People with Each Score
Percentile by Number Answered
Your Score History
You have not taken this quiz